zpět

Detail výsledku týmu

Organza, Liberec

Datum a čas kvízu

22.5 Celkem bodů Celkový počet nahraných bodů na tomto kvízu bez doplňovacích otázek.
7. Pořadí na kvízu Konečné umístění týmu na tomto kvízu.

Zaznamenané odpovědi

# Otázka Odpověď Body Výsledky
1. V minulých dnech bylo v médiíc... Pavel Tuleja 0
2. Ke dvěma a půl letům vězení by... D 1
3. Jedno z nejnovějších děl umělc... C) ve Veselí nad Moravou 0
4. Někteří obyvatelé Německa, pře... kebab 1
5. Jak se jmenuje český fotbalový... Václav Hladký 0
6. Podíváme se do zemí či krajů,... Muž z Acapulca 1
7. Jak se nazývá chudé království... A) Monte Albo 0
8. Brobdingnag, Laputa, Balnibarb... Gulliverovy cesty, Jonathan Swift 0.5
9. Přiřaďte tyto postavy z knižní... 1D 2A 3C 4B 1
10. Děj které humoristické novely... Rozmarné léto 1